[Event "Ricany op-A"]
[Site "Ricany"]
[Date "2007.09.01"]
[Round "9"]
[White "Vanecek, Stanislav"]
[Black "Lexa, Vaclav"]
[Result "1-0"]
[WhiteElo "2002"]
[BlackElo "1937"]
[PlyCount "41"]
[EventDate "2007.08.25"]
[EventType "swiss"]
[EventRounds "9"]
[EventCountry "CZE"]
[SourceTitle "EXT 2008"]
[Source "ChessBase"]
[SourceDate "2007.11.25"]
[SourceVersion "1"]
[SourceVersionDate "2007.11.25"]
[SourceQuality "1"]

1. Nf3 Nf6 2. g3 e6 3. Bg2 d5 4. d4 Be7 5. 0-0 0-0 6. c4 dxc4 7. Ne5 c5 8. dxc5 Qc7 9. Nxc4 Qxc5 10. b3 Qh5 11. Nc3 Nc6 12. e4 Qg6 13. Be3 Ng4 14. Qe2 Nxe3 15. Qxe3 e5 16. Nd5 Be6 17. Nxe5 Qh5 18. Nxc6 Bg5 19. Nce7+ Kh8 20. f4 Bxe7 21. Nxe7 1-0

[Event "CZE-chT2c 0506"]
[Site "Czech Republic"]
[Date "2006.04.09"]
[Round "11.8"]
[White "Zatloukal, Vaclav"]
[Black "Vanecek, Stanislav"]
[Result "1-0"]
[WhiteElo "1953"]
[BlackElo "1981"]
[PlyCount "81"]
[EventDate "2005.10.16"]
[EventType "team"]
[EventRounds "11"]
[EventCountry "CZE"]
[SourceTitle "EXT 2009"]
[Source "ChessBase"]
[SourceDate "2008.11.26"]
[SourceVersion "1"]
[SourceVersionDate "2008.11.26"]
[SourceQuality "1"]
[WhiteTeam "Rychnov nad Kneznou"]
[BlackTeam "Mlada Boleslav"]
[WhiteTeamCountry "CZE"]
[BlackTeamCountry "CZE"]

1. e4 Nf6 2. e5 Nd5 3. d4 d6 4. Nf3 Bg4 5. Be2 e6 6. 0-0 Be7 7. c4 Nb6 8. exd6 cxd6 9. Be3 0-0 10. Nbd2 N8d7 11. Rc1 e5 12. Qb3 exd4 13. Nxd4 Nc5 14. Qc3 Bxe2 15. Nxe2 d5 16. Bd4 Ne6 17. c5 Na4 18. Qe3 b6 19. cxb6 Nxb6 20. Rc2 Bf6 21. Bxf6 Qxf6 22. Qf3 Qg6 23. Rfc1 Rfe8 24. Nb3 d4 25. Nexd4 Rad8 26. Rd2 Nxd4 27. Rxd4 Rxd4 28. Nxd4 Qg5 29. Qc6 Rd8 30. Nf3 Qa5 31. Re1 h6 32. Re8+ Rxe8 33. Qxe8+ Kh7 34. Qxf7 Qc5 35. g3 Qc1+ 36. Kg2 Qxb2 37. Qxa7 Nc4 38. a4 Qe2 39. a5 Qe6 40. a6 Qd5 41. Qb7 1-0